[Event "Club Championships"]
[Site "Wellington Chess Club"]
[Date "2013.08.15"]
[Round "3"]
[White "Tionko, Efrain"]
[Black "Rossiter, Philip"]
[Result "1/2-1/2"]
[WhiteElo "1844"]
[BlackElo "1836"]

1. e4 e6 2. f4 c5 3. Nf3 Nc6 4. Nc3 a6 5. d3 Nge7 6. g3 d5 7. Bg2 g6 8. O-O Bg7
9. Qe2 O-O 10. Bd2 Rb8 11. Be1 b5 12. Rb1 Bb7 13. h4 Nd4 14. Nxd4 cxd4 15. Nd1
dxe4 16. dxe4 Qc7 17. c3 Rbc8 18. cxd4 Bxd4+ 19. Bf2 Rfd8 20. Ne3 f5 21. exf5
Bxg2 22. Nxg2 Bxf2+ 23. Rxf2 exf5 24. Qe6+ Kg7 25. Qxa6 Qc5 26. Qe6 Rd3 27. Re1
Rc7 28. Qe5+ Kf8 29. Qxc5 Rxc5 30. Rfe2 Nc6 31. Re3 Rd2 32. R1e2 Rcc2 33. Rxd2
Rxd2 34. Rb3 Nd4 35. Rb4 Nf3+ 36. Kf1 Nh2+ 37. Kg1 Nf3+ 38. Kf1 1/2-1/2

[Event "Club Championships"]
[Site "Wellington Chess Club"]
[Date "2013.08.15"]
[Round "3"]
[White "Wevita, Roshan"]
[Black "Whittle, Jonathon"]
[Result "0-1"]
[WhiteElo "1511"]
[BlackElo "1736"]

1. e4 g6 2. Bc4 Bg7 3. d4 d6 4. Nf3 a6 5. c3 Nc6 6. O-O e5 7. d5 Nce7 8. Re1 f5
9. Nbd2 h6 10. Nh4 f4 11. Rf1 Nf6 12. g3 g5 13. Nhf3 Ng6 14. Bd3 Bh3 15. Re1 g4
16. Nh4 Nxh4 17. gxh4 Nh5 18. f3 g3 19. Bf1 Qxh4 20. Re2 Bf6 21. Bxh3 Qxh3 22.
Qf1 gxh2+ 23. Rxh2 Rg8+ 24. Rg2 Kd7 25. b3 Ng3 26. Qe1 Qh1+ 27. Kf2 {#Diagram}
27... Nxe4+ {boom!} 28. Ke2 Rxg2+ 29. Kd1 Nxc3+ 0-1

[Event "Club Championships"]
[Site "Wellington Chess Club"]
[Date "2013.08.15"]
[Round "3"]
[White "Wight, Joshua"]
[Black "Sknar, Andrew"]
[Result "1-0"]
[WhiteElo "1231"]
[BlackElo "958"]

1. e4 e5 2. Nf3 Nc6 3. Nc3 Nf6 4. Bb5 Bc5 5. O-O O-O 6. Bxc6 dxc6 7. Nxe5 Qd6
8. Nf3 Bg4 9. d3 Bxf3 10. Qxf3 h6 11. Re1 Qe5 12. Bf4 Qe6 13. h3 Bd6 14. e5
Rfe8 15. Re2 Bxe5 16. Bxe5 Qe7 17. Bd4 Qd6 18. Bxf6 Qxf6 19. Qxf6 gxf6 20.
Rxe8+ Rxe8 21. Ne4 f5 22. Nf6+ 1-0

[Event "Club Championships"]
[Site "Wellington Chess Club"]
[Date "2013.08.22"]
[Round "4"]
[White "Aumeier, Beate"]
[Black "Wight, Joshua"]
[Result "0-1"]
[WhiteElo "992"]
[BlackElo "1231"]

1. e4 e5 2. Nf3 Nc6 3. Nc3 Nf6 4. Bc4 Bb4 5. Ng5 O-O 6. Qf3 Nd4 7. Qd3 h6 8.
Bxf7+ Rxf7 9. Nxf7 Kxf7 10. Qc4+ d5 11. Qxb4 Nxc2+ 12. Kd1 Nxb4 13. f3 dxe4 14.
Re1 Nd3 15. Re2 Bf5 16. b3 Qd4 17. Kc2 Nxc1 18. Rxc1 exf3+ 19. Re4 Bxe4+ 20.
Nxe4 Qxe4+ 21. Kb2 f2 22. Rxc7+ Kg6 0-1

[Event "Club Championships"]
[Site "Wellington Chess Club"]
[Date "2013.08.22"]
[Round "4"]
[White "Dive, Russell"]
[Black "Ker, Anthony"]
[Result "1-0"]
[WhiteElo "2421"]
[BlackElo "2422"]

1. Nf3 d6 2. d4 Nf6 3. c4 c5 4. Nc3 cxd4 5. Nxd4 Nc6 6. Nc2 g6 7. e4 Bg7 8. Be2
O-O 9. Be3 {#Diagram This is a position normally reached from the Accelerated
Dragon, Maroczy bind variation. A rather unusual position in a Dive-Ker clash
given that Dive doesn't play e4 and Ker doesn't play the Sicilian.} 9... b6
{Already a slightly unusual plan} 10. O-O Bb7 11. Qd2 Rc8 12. b3 Re8 13. Rac1
Qd7 14. f3 Red8 15. Rfd1 {I imagine Russell would be happier here. He loves
sitting on people's chests, crushing them to death (metaphorically speaking of
course).} 15... e6 16. Bg5 Qe8 17. Ne3 h6 18. Bh4 g5 19. Bf2 Nh5 20. Bf1 Nf4
21. Kh1 Ne5 22. Nb5 d5 23. cxd5 Rxc1 24. Qxc1 Ned3 25. Rxd3 Qxb5 26. Rd1 Qe8
27. dxe6 Nxe6 {#Diagram Black has freed his position, but it's cost him a
healthy extra pawn and created weaknesses.} 28. Nf5 Bf8 29. Bc4 Rxd1+ 30. Qxd1
g4 31. Be3 gxf3 32. gxf3 Ng5 33. Bxg5 hxg5 34. Qd2 $1 {Simple chess, those
weaknesses come home to roost, big time.} 34... Be7 35. Qd4 Qf8 36. Qd7 1-0

[Event "Club Championships"]
[Site "Wellington Chess Club"]
[Date "2013.08.22"]
[Round "4"]
[White "Heaton, Ken"]
[Black "Marney, John"]
[Result "0-1"]
[WhiteElo "1684"]
[BlackElo "1600"]

1. e4 e6 2. d4 d5 3. Nc3 Nf6 4. Bg5 Be7 5. e5 Nfd7 6. Bxe7 Qxe7 7. f4 O-O 8.
Nf3 c5 9. Nb5 Nb6 10. b3 cxd4 11. Nbxd4 Nc6 12. Nb5 f6 13. Be2 Qb4+ 14. Qd2
Qxd2+ 15. Kxd2 fxe5 16. fxe5 Bd7 17. Rhf1 Nc8 18. Rae1 N8e7 19. Bd3 Nb4 20.
Nfd4 Nxd3 21. Kxd3 Nf5 22. Nc7 Nxd4 23. Nxa8 Rxa8 24. Kxd4 b5 25. Rc1 Rc8 26.
Rf3 b4 27. c4 bxc3 28. Rcxc3 Rxc3 29. Kxc3 Be8 30. Kd4 Bh5 31. Rf2 Bg6 32. a4
Bf5 33. a5 h5 34. Kc5 Kf7 35. b4 Ke7 36. Kc6 d4 37. Kb7 Kd7 38. Kxa7 Kc6
{#Diagram Obviously this is totally winning for White. But I am sympathetic to
Ken as his constricted king is annoyingly in the way, making it tricky to make
progress. } 39. b5+ $2 {The first misstep}  ( {One good plan is} 39. a6 {when}
39... Kb5 {looks annoying until you see} 40. Rxf5 $1 ( {Not} 40. Kb7 $2 Be4+
{and white has made no progress } ) ) 39... Kxb5 40. a6 d3 41. Rb2+ Ka5 42. Rb6
g5 43. Kb7 $2 (43. Rd6 $1 {Efficiently finishes the game, White can put the
king on b8 and advance the pawn and the Black d pawn is defused} ) 43... d2 44.
Rd6 Be4+ 45. Ka7 $4 {But this is a disaster, don't block the a pawn!} 45... Bd5
46. Kb8 d1=Q *

[Event "Club Championships"]
[Site "Wellington Chess Club"]
[Date "2013.08.22"]
[Round "4"]
[White "Konakanchi, Karthik"]
[Black "Walters, Taina"]
[Result "0-1"]
[WhiteElo "927"]
[BlackElo "1119"]

1. e4 e5 2. Nf3 Nc6 3. Nc3 f5 4. Bb5 a6 5. Bxc6 dxc6 6. Nxe5 Nf6 7. exf5 Bc5 8.
Qe2 O-O 9. Qc4+ Kh8 10. Nf7+ Rxf7 11. Qxf7 Bxf5 12. O-O Bxc2 13. Qc4 Qd6 14. a3
Bd3 15. Qb3 Bxf1 16. Kxf1 Qd3+ 17. Kg1 Bxf2+ 18. Kxf2 Ng4+ 19. Kg1 Qd4+ 20. Kh1
Nf2+ 21. Kg1 Nh3+ 22. Kf1 Qf2# 0-1

[Event "Club Championships"]
[Site "Wellington Chess Club"]
[Date "2013.08.22"]
[Round "4"]
[White "Miriyala, Rama Rao"]
[Black "Pandey, Alok"]
[Result "1/2-1/2"]
[WhiteElo "1906"]
[BlackElo "1901"]

1. Nf3 Nf6 2. d4 g6 3. g3 Bg7 4. Bg2 O-O 5. c4 c5 6. d5 d6 7. Nc3 a6 8. O-O Bd7
9. a4 b6 10. Bf4 Ra7 11. Qd2 Re8 12. Rfe1 Rb7 13. e4 Nh5 14. e5 Nxf4 15. Qxf4
Qc7 16. e6 fxe6 17. dxe6 Bc6 18. Nd5 Qd8 19. Ng5 Bf6 20. Nxf6+ exf6 21. Bxc6
Nxc6 22. Nf7 Rxf7 23. exf7+ Kxf7 24. Rxe8 Kxe8 25. Re1+ Kf7 26. Qe4 Qd7 27.
Qd5+ Kg7 28. Re6 Ne5 29. Kg2 Qxa4 30. Qxd6 Qxc4 31. Rxf6 Qe4+ 32. Kf1 Qh1+ 33.
Ke2 Qe4+ 34. Kd1 Qb1+ 35. Ke2 Qxb2+ 36. Kf1 Qb1+ 37. Kg2 Qe4+ 38. Kf1 {Draw
agreed} 1/2-1/2

[Event "Club Championships"]
[Site "Wellington Chess Club"]
[Date "2013.08.22"]
[Round "4"]
[White "Roberts, Michael"]
[Black "Tionko, Efrain"]
[Result "1/2-1/2"]
[WhiteElo "1781"]
[BlackElo "1844"]

1. e4 c5 2. Nc3 a6 3. g3 b5 4. Bg2 Bb7 5. Nge2 e6 6. O-O d6 7. d4 b4 8. Na4 Qa5
9. b3 c4 10. a3 cxb3 11. cxb3 bxa3 12. Bxa3 Nf6 13. Bxd6 Bxd6 14. Nc5 Qb6 15.
Nxb7 Qxb7 16. e5 Nd5 17. exd6 Nd7 18. Nc3 N7b6 19. Ne4 Qd7 20. Qe2 a5 21. Nc5
Qxd6 22. Qb5+ Ke7 23. Rfe1 Nc7 24. Qd3 Ra7 25. Qd2 Rb8 26. Rxa5 Rxa5 27. Qxa5
Qxd4 28. Qa7 Qd8 29. Na6 Rc8 30. Qxb6 Nxa6 31. Qxa6 Rb8 32. Qa7+ Kf6 33. Qa4
Qd2 34. Ra1 Rb4 35. Qa5 Qc3 36. Qd8+ Kg6 37. Rb1 Rd4 38. Qa8 Qc2 39. Re1 Qxb3
40. Qf3 Qxf3 41. Bxf3 h6 42. Rd1 Rb4 43. Kf1 Kf6 44. Ke2 g5 45. Ke3 Ke5 46. Rd3
f5 47. Ke2 g4 48. Bc6 f4 49. gxf4+ Kxf4 50. Kd2 Rb2+ 51. Ke1 h5 52. Rd4+ Kf5
53. Rc4 h4 54. Bd7 Rb1+ 55. Ke2 Rb2+ 56. Ke1 Rb1+ 57. Kd2 Rb2+ 58. Rc2 Rxc2+
59. Kxc2 Kf4 60. Bxe6 g3 61. Bd5 gxf2 62. Bg2 Kg4 63. Kd3 f1=Q+ 64. Bxf1 h3 65.
Ke3 Kh5 66. Kf4 Kh6 67. Kg4 Kg6 68. Kxh3 Kh6 69. Kg4 Kg6 70. Bd3+ Kh6 71. h4
Kg7 72. Kg5 Kh8 73. Kf6 Kg8 {Draw agreed} 1/2-1/2

[Event "Club Championships"]
[Site "Wellington Chess Club"]
[Date "2013.08.22"]
[Round "4"]
[White "Rossiter, Philip"]
[Black "Kay, Bruce"]
[Result "1-0"]
[WhiteElo "1836"]
[BlackElo "1825"]

1. c4 Nf6 2. Nc3 e6 3. Nf3 d5 4. d4 dxc4 5. e4 c5 6. Bxc4 cxd4 7. Nxd4 e5 8.
Ndb5 Qxd1+ 9. Kxd1 Na6 10. Ke2 Be7 11. f3 O-O 12. Be3 b6 13. Rhd1 Bb7 14. Nd6
Bxd6 15. Rxd6 Rac8 16. Bb3 Nc5 17. Rad1 Ba6+ 18. Kf2 Nxb3 19. axb3 Bb7 20. R1d2
Ba6 21. Bg5 Ne8 22. Rd7 Nc7 23. Nd5 Nxd5 24. exd5 f6 25. Rxa7 Bb5 26. Be3 Rfd8
27. d6 Rd7 28. Rxd7 Bxd7 29. Bxb6 Kf7 30. Bc7 Ke6 31. Ke3 f5 32. Kd3 Ra8 33.
Kc4 Ra6 34. Kb4 Ra7 35. Bb6 Rb7 36. Kc5 Rb8 37. Rd1 Rc8+ 38. Bc7 Ra8 39. b4 Ra2
40. Rd2 Ra4 41. Ba5 Ra1 42. Kb6 Rc1 43. Kb7 Rc4 44. Kb6 Rd4 45. b5 Rxd2 46.
Bxd2 Kxd6 47. Ka6 Kc7 48. b6+ Kb8 49. Bb4 Bc8+ 50. Kb5 g6 51. Bd6+ Kb7 52. Bxe5
Bd7+ 53. Kc5 Bc6 54. Bd4 Ba4 55. Kd6 Bd1 56. Ke7 Be2 57. Kf6 Bf1 58. g3 Bg2 59.
Kg7 Bxf3 60. Kxh7 g5 61. h4 gxh4 62. gxh4 Bg4 63. Kg6 f4 64. h5 Be2 65. h6 Bd3+
66. Kg7 f3 67. h7 Bxh7 68. Kxh7 1-0

[Event "Club Championships"]
[Site "Wellington Chess Club"]
[Date "2013.08.22"]
[Round "4"]
[White "Sellen, Ian"]
[Black "Forster, Bill"]
[Result "1-0"]
[WhiteElo "2072"]
[BlackElo "2071"]

1. c4 d6 2. Nc3 g6 3. Nf3 Bg7 4. g3 c5 5. Bg2 Nc6 6. O-O Rb8;A standard idea;
;Black tries to take advantage of the fact that his bishop isn't yet impeded by
;a f6 knight to get accelerated queenside play. This amounts to trying to take
;advantage of being undeveloped, not surprisingly, this is dangerous.
7. d3 a6
8. a4 b6 9. Re1 {Maybe he intends e4?} 9... e6 {In that case I won't put a
knight on f6 at all.} 10. e4 {Awesome, now both my knights can head to the hole
at d4} 10... Nge7 11. Be3 Nd4 {Another standard idea, sink the knight into this
square only when a bishop comes to e3, so that White can't take with the
knight, on account of the resulting pawn fork.} 12. Rb1 {What is he doing?}
12... Nec6 {I'll just continue with my plan} 13. Ne2 {Now I understand, he was
defending the b pawn, so he could retreat and challenge with his other knight.
It is good to see White just parrying me, without active ideas of his own.}
13... Nxf3+ {Avoiding a mass liquidation on d4, and hoping that the undefended
and slightly awkward bishop will help me down the line.} 14. Bxf3 b5 {I did
notice the idea}  (14... Bxb2 15. Rxb2 Qf6 {but I am only temporarily winning a
pawn and it is crazy to give up my best minor piece for basically nothing} 16.
Qb1 Qxf3 17. Rxb6 Rxb6 18. Qxb6 O-O 19. Qxc6 $2 e5 $1 {winning is a nice
computer variation, but actually White is better unless he co-operates like
this } ) 15. d4 {Objectively not good, but introducing the idea of opening the
position whilst my king is in the centre, which ultimately decides the game in
White's favour!} 15... bxc4 $1 16. e5 ( {The idea behind 15...bxc4 was that if}
16. dxc5 Ne5 $1 {hitting the undefended bishop and with Nd3 coming Black is
better} ) 16... d5 17. dxc5 {#Diagram This is basically the turning point for
me. I have won the initial strategic battle, but unfortunately in chess,
tactics trumps strategy. Most sensible now would be castling, that way I
keeping my positional trumps without risk. The rook on e1 is a brooding
presence that should have given me pause.} 17... Nxe5 {Objectively speaking
this is good, but it introduces random tactical chaos I didn't want or need.}
18. Nd4 $1 {The only move, but not a difficult one to find, d4 is a good
outpost square and Nc6 is now a potential problem for Black} 18... Nd3 $2 {A
tactical error}  ( {Simply} 18... O-O {is good, I thought} 19. Bf4 {pinning was
a problem but after} 19... Nxf3+ 20. Nxf3 Rxb2 {Black is two solid pawns up.} )
19. Nc6 {Unfortunately, I basically force White to play the best moves!} 19...
Qc7 20. Nxb8 Nxe1 {I could see the problem looming up (22.Bxd5!) but didn't
know what to do about it.}  ( {The computer claims that} 20... d4 {keeps the
balance, but it's hard for a human to both forgo castling and sac the exchange}
21. Bc6+ Kf8 22. Bf4 Nxf4 23. gxf4 Qxb8 {with an unusual, messy but interesting
position} ) 21. Qxe1 Qxb8 $2 {After this I am in real trouble. }  ( {I wanted
to play} 21... O-O $1 {but after} 22. Qb4 {I didn't see the resource} 22... Be5
$1 {and black emerges in reasonable shape} ) 22. Bxd5 $1 {There it is} 22...
O-O 23. Bxc4 Bb7 24. b4 $1 {The most annoying thing about this position is that
after this move the previously defensive Rb1 becomes a powerhouse and  my
formerly formidable Bg7 is now firing at nothing but air. White is only a pawn
up, but his pieces are now ideally placed to support his 3 to 1 majority on the
queenside. Ian isn't going to make a new queen in a distant endgame, he's going
to do it right away! One of my (many) chess weaknesses is highlighted - an
inability to muddy the waters and resist strongly in a lost position.} 24...
Rd8 25. b5 axb5 26. axb5 Bd5 27. Bxd5 Rxd5 28. b6 Qb7 29. c6 Qxc6 30. b7 Be5
31. Bf4 Bxf4 32. gxf4 1-0

[Event "Club Championships"]
[Site "Wellington Chess Club"]
[Date "2013.08.22"]
[Round "4"]
[White "Stoeveken, Peter"]
[Black "Cook, John"]
[Result "0-1"]
[WhiteElo "1910"]
[BlackElo "1604"]

1. d4 d5 2. c4 c6 3. Nc3 Nf6 4. Nf3 Bg4 5. Ne5 e6 6. Qb3 Qc7 7. Bg5 Bf5 8. Rc1
h6 9. Bd2 Bd6 10. h3 O-O 11. g4 Be4 12. f3 Bh7 13. g5 hxg5 14. Bxg5 Bxe5 15.
dxe5 Qxe5 16. Bxf6 Qg3+ 17. Kd1 dxc4 18. Qxc4 gxf6 19. Ne4 Qe5 20. Nd2 Rd8 21.
Rc3 Na6 22. Kc1 {White's game is beyond salvation. John Cook starts delivering
hammer blows} 22... Rd4 $1 23. Qb3 Nc5 24. Qa3 {#Diagram} 24... Rad8 $1 25.
Rxc5 Rxd2 26. e4 ( {Of course not} 26. Rxe5 Rd1#) 26... Qf4 $1 {Another classy
move from John} 27. Kb1 Rd1+ 28. Kc2 Qd2+ 29. Kb3 Qe3+ 30. Kb4 Qd4+ 31. Kb3
Rxf1 {Kicking the king around is fun, but it's time to seal the deal by winning
material} 32. Rxf1 Qd3+ 33. Kb4 $2 {whoops, walking into a mate instead} 33...
Rd4+ 0-1

[Event "Club Championships"]
[Site "Wellington Chess Club"]
[Date "2013.08.22"]
[Round "4"]
[White "Stone, Andrew"]
[Black "Aldridge, Alan"]
[Result "1-0"]
[WhiteElo "2076"]
[BlackElo "1990"]

1. e4 c6 2. d4 d5 3. e5 Bf5 4. Nc3 e6 5. g4 Bg6 6. Nge2 c5 7. Be3 Nc6 8. Qd2
Rc8 9. O-O-O Nge7 10. f4 Nb4 11. f5 exf5 12. Nf4 fxg4 13. Nxg6 Nxg6 14. Bb5+
Nc6 15. dxc5 Be7 16. Nxd5 O-O 17. Qc3 Qa5 18. Qb3 a6 19. Bxc6 bxc6 20. Nxe7+
Nxe7 21. Rd7 Nd5 22. Rb7 Nxe3 23. Qxe3 Qxa2 24. Rg1 Qa1+ 25. Kd2 Rcd8+ 26. Ke2
Qa4 27. b3 Qd4 28. e6 Qxe3+ 29. Kxe3 fxe6 30. Rxg4 g6 31. Rb6 {#Diagram White
is clearly better with active rooks, a better king and fewer weaknesses} 31... Rc8 {The
computer doesn't condemn this move, but it seems wrong in principle. In rook
and pawn endings getting rook and king active is all important, doubly so in
double rook endings. Rooks are great attackers but clumsy defenders.} 32. Rxa6
Rf5 33. b4 Re5+ $2 {Either losing a pawn or swapping off Black's better rook.}
34. Re4 Rh5 35. h4 $2 (35. Rxe6 $1 Rxh2 {eg} 36. Rexc6 Rxc6 37. Rxc6 Rxc2 38.
b5 {and white wins easily} ) 35... Kf7 36. Rf4+ Rf5 37. Ra7+ Kg8 38. Re4 Rf6 $2
{Again passive defence with a rook} 39. Re7 h6 40. R7xe6 Rxe6 41. Rxe6 Kf7 42.
Rd6 {White's advantage is now overwhelming} 42... Kg7 43. Kf4 Rf8+ 44. Ke5 Rf2
45. Rxc6 Rxc2 46. Rc7+ Kf8 47. Kf6 1-0

[Event "Club Championships"]
[Site "Wellington Chess Club"]
[Date "2013.08.22"]
[Round "4"]
[White "Stracy, Don"]
[Black "Jackson, Ross"]
[Result "1/2-1/2"]
[WhiteElo "1851"]
[BlackElo "1990"]

1. e4 c5 2. Nf3 d6 3. d4 cxd4 4. Nxd4 Nf6 5. Nc3 g6 6. Be3 Bg7 7. f3 Nc6 8. Qd2
Bd7 9. Bc4 Na5 10. Be2 Rc8 11. O-O-O Nc4 12. Bxc4 Rxc4 13. Kb1 a6 14. h4 b5 15.
Rhe1 O-O 16. g4 {Anyone know a cryptanalyst? Game drawn in 28 moves} 1/2-1/2

[Event "Club Championships"]
[Site "Wellington Chess Club"]
[Date "2013.08.22"]
[Round "4"]
[White "Veldhuizen, Matt"]
[Black "Farrington, Lawrence"]
[Result "0-1"]
[WhiteElo "1574"]
[BlackElo "1761"]

1. c4 Nf6 2. g3 e5 3. Bg2 d5 4. Nc3 dxc4 5. Qa4+ c6 6. Qxc4 Be6 7. Qa4 Nbd7 8.
Nf3 Nb6 9. Qc2 Bd6 10. d3 h6 11. a3 Qd7 12. h3 Nfd5 13. Ne4 Rd8 14. Bd2 Bb8 15.
Nc5 Qe7 16. Nxe6 Qxe6 17. O-O O-O 18. Rac1 f5 19. e3 Qf6 20. d4 exd4 21. Nxd4
Kh8 22. Ne2 Be5 23. Nc3 Nxc3 24. Bxc3 Bxc3 25. Qxc3 Qxc3 26. Rxc3 Rd2 27. b3
Rfd8 28. e4 fxe4 29. Bxe4 Rd1 30. Rc2 Rxf1+ 31. Kxf1 Rd4 32. f3 Nd5 33. Ke2 Nf6
34. Bg6 Rd6 35. Rd2 Nd5 36. Bc2 Kg8 37. Rd3 Re6+ 38. Kf2 Kf8 39. b4 Ke7 40. Bb3
Kd6 41. f4 g6 42. g4 Re4 43. Kf3 Rxf4+ 44. Kg3 Rf6 45. h4 g5 46. Rd2 Re6 47.
Rd3 Re1 48. hxg5 hxg5 49. b5 Ke5 50. bxc6 bxc6 51. Kf2 Rc1 52. Rf3 Nf4 53. Re3+
Kd4 54. Re8 Rc3 55. Ba4 c5 56. Rd8+ Kc4 57. Rd7 Rxa3 58. Bc6 a5 59. Rg7 Kc3 60.
Bb5 Kc2 61. Bf1 Nd3+ 62. Bxd3+ Kxd3 63. Rxg5 c4 64. Re5 Kd4 65. Re2 Rh3 66. Kg2
Rh8 67. g5 c3 68. Kf3 Kd3 69. Re3+ Kd2 70. Re2+ Kd1 0-1

[Event "Club Championships"]
[Site "Wellington Chess Club"]
[Date "2013.08.23"]
[Round "4"]
[White "Van der Hoorn, Mark"]
[Black "Nyberg, Michael"]
[Result "1-0"]
[WhiteElo "2230"]
[BlackElo "2027"]

1. d4 Nf6 2. c4 e6 3. Nc3 Bb4 4. e3 b6 5. Bd3 Bb7 6. f3 c5 7. a3 Bxc3+ 8. bxc3
O-O 9. Ne2 d6 10. O-O Nc6 11. Ng3 Qc7 12. Bb1 Rad8 13. Qd3 g6 14. e4 cxd4 15.
cxd4 e5 16. Bg5 Qe7 {#Diagram White has a winning shot available} 17. f4 $1
{Very nice, the problem for Black is that he has no defence to the dual
threats of fxe5 and Nh5, with resulting devastation on the g5-d8 diagonal
AND/OR the b1-h7 diagonal AND/OR the f file.} 17... exd4 18. Nh5 $1 gxh5 19. e5
dxe5 20. Bxf6 1-0

[Event "Club Championships"]
[Site "Wellington Chess Club"]
[Date "2013.08.29"]
[Round "5"]
[White "Aldridge, Alan"]
[Black "Pomeroy, Arthur"]
[Result "1/2-1/2"]
[WhiteElo "1990"]
[BlackElo "2113"]

{Notes by Arthur Pomeroy} 1. d4 Nf6 2. c4 g6 3. Nc3 Bg7 4. e4 d6 5. f3 O-O 6.
Be3 Nc6 7. Nge2 a6 8. Nc1 Re8 9. Be2 e5 10. Nb3 exd4 11. Nxd4 Ne5 12. O-O c6
13. h3 Qc7 14. Rc1 Be6 15. Nxe6 Rxe6 16. Nd5 Nxd5 17. cxd5 Ree8 18. dxc6 bxc6
19. Qc2 {Black has not played the opening very accurately and is left with
hanging pawns. However White needs to keep an eye on the Black squares and his
queenside, so}  (19. b3 {is more accurate} ) 19... a5 20. Bb5 {Pseudo-activity}
20... Rab8 21. a4 Qb7 {With more than adequate counter play, but missing the
tactical solution}  (21... Qe7 $1 22. Be2 ( {not} 22. Bxc6 $2 Rec8) 22... Rxb2
$1 23. Qd1 {and black is much better}  ( {if} 23. Qxb2 $2 Nxf3+) ) 22. Bxc6
Nxc6 23. Qxc6 Qxc6 24. Rxc6 d5 25. Rc5 dxe4 26. Rxa5 exf3 27. Bc1 Bd4+ 28. Kh1
f2 29. g3 Re1 30. Kg2 Rxf1 31. Kxf1 {#Diagram} Re8 $2 {Missing my chance, the position is
now quite level.}  (31... Rb3 $1 {wins because of the threat Rd3 and Rd1. It's
a nice geometrical pattern that's hard to see. A sample line goes } 32. Bh6 f6
33. Rd5 Rd3 34. Be3 {A tricky double pin that doesn't quite work}  (34. Rxd4
{is a hopeless ending} ) 34... Rd1+ 35. Kxf2 Bxe3+ {winning the rook} ) 32. Bd2
1/2-1/2

[Event "Club Championships"]
[Site "Wellington Chess Club"]
[Date "2013.08.29"]
[Round "5"]
[White "Bennett, Ezra"]
[Black "Aumeier, Beate"]
[Result "1-0"]
[WhiteElo "853"]
[BlackElo "992"]

1. e4 e5 2. Nf3 Nc6 3. Bc4 b6 4. O-O Bb7 5. Qe2 h6 6. Ba6 Bxa6 7. Qxa6 Nb4 8.
Qc4 Nf6 9. b3 c5 10. Nxe5 Qe7 11. Bb2 Qe6 12. Qb5 Nxc2 13. Qa6 Nxa1 14. Qb7 Rd8
15. Bxa1 Bd6 16. f4 g5 17. f5 Qe7 18. Nc4 Rb8 19. Qxa7 Bf4 20. e5 Qd8 {Not sure
about the rest. White won in 35 moves} 1-0

[Event "Club Championships"]
[Site "Wellington Chess Club"]
[Date "2013.08.29"]
[Round "5"]
[White "Cook, John"]
[Black "Pandey, Alok"]
[Result "0-1"]
[WhiteElo "1604"]
[BlackElo "1901"]

1. d4 Nf6 2. e3 g6 3. Nf3 Bg7 4. Bc4 O-O 5. O-O d5 6. Bb3 b6 7. Bd2 Ba6 8. Re1
c5 9. dxc5 Ne4 10. Bc3 Nxc3 11. Nxc3 e6 12. cxb6 axb6 13. Nd4 Nd7 14. Ba4 Nc5
15. Bc6 Rc8 16. b4 e5 17. Nde2 Bxe2 18. Nxe2 Rxc6 19. bxc5 bxc5 20. Rb1 d4 21.
e4 Qa5 22. Nc1 c4 23. Re2 Rd8 24. g3 Bh6 25. Qe1 Qa3 {#Diagram White has been
steadily outplayed, Black's positional advantage is enormous and continues to
grow. } 26. f4 exf4 27. gxf4 Bxf4 28. e5 Qf3 29. e6 fxe6 30. Rg2 Be3+ 31. Kh1
Rf8 32. Ne2 d3 33. cxd3 cxd3 34. Ng3 d2 35. Qd1 Rc1 0-1

[Event "Club Championships"]
[Site "Wellington Chess Club"]
[Date "2013.08.29"]
[Round "5"]
[White "Farrington, Lawrence"]
[Black "Whittle, Jonathon"]
[Result "0-1"]
[WhiteElo "1761"]
[BlackElo "1736"]

1. e4 g6 2. d4 Bg7 3. Bc4 e6 4. Nc3 d6 5. Nf3 a6 6. a3 Ne7 7. Bg5 h6 8. Be3 Nd7
9. Qe2 c5 10. d5 e5 11. Nd2 f5 12. f3 f4 13. Bf2 O-O 14. a4 Qa5 15. O-O g5 16.
h3 Qd8 17. Bb3 Rf7 18. Nc4 Nf6 19. a5 h5 20. Na4 g4 21. hxg4 hxg4 22. Bh4 gxf3
23. gxf3 Ng6 24. Qh2 Bf8 25. Kf2 Nxh4 26. Rg1+ Rg7 27. Rxg7+ Bxg7 28. Rh1 Ng6
29. Nab6 Rb8 30. Ba4 Kf7 31. Qg2 {#Diagram} 31... Nh4 $1 {nice} 32. Rxh4 $2 Nxe4+ $1
33. fxe4 Qxh4+ 34. Kg1 Bh3 35. Nxd6+ Kg8 36. Qf2 Qg4+ 37. Kh2 Kh7 $2 (37... Qh5
$1) 38. Bd7 $1 Qg6 39. Nf5 $2 (39. Qh4+ $1) 39... Qh5 40. Nxg7 Kxg7 41. Bxh3
Rh8 42. Qg2+ Kf7 43. d6 f3 44. Qf1 {#Diagram} 44... Qh6 $4 (44... Qg4 $1 45. d7
Qf4+ 46. Kg1 Qg3+ 47. Bg2 Qh2+ 48. Kf2 fxg2 49. Qxg2 Ke7 {wins} ) 45. Qc4+ $4 (
45. Qxf3+) 45... Ke8 46. d7+ Kd8 47. Qf7 Qxh3+ 0-1